Základy obecné teorie státu a práva Část B - Úvod do teorie socialistického státu

Gespeichert in:
Bibliographische Detailangaben
Format: Buch
Sprache:Tschechisch
Veröffentlicht: Praha Ústav státní správy 1989
Ausgabe:3. přeprac. vyd.
Schriftenreihe:Studie a informace
Tags: Tag hinzufügen
Keine Tags, Fügen Sie das erste Tag hinzu!

MARC

LEADER 00000nam a2200000 4500
001 c029344
005 20250219092210.1
041 0 |a cze 
044 |a CZ 
245 1 0 |a Základy obecné teorie státu a práva  |b Část B - Úvod do teorie socialistického státu 
250 |a 3. přeprac. vyd. 
264 1 |a Praha  |b Ústav státní správy  |c 1989 
300 |a 134 s. 
490 1 |a Studie a informace 
830 0 |a Studie a informace